LIBRARY & INFORMATION CENTRE, KCAET, TAVANUR

ONLINE PUBLIC ACCESS CATALOGUE (OPAC)

Objective Agricultural Science (Record no. 14357)

MARC details
000 -LEADER
fixed length control field 00331nam a22001337a 4500
020 ## - INTERNATIONAL STANDARD BOOK NUMBER
ISBN 9789381450222
082 ## - DEWEY DECIMAL CLASSIFICATION NUMBER
Classification number 630
Item number BAR/OB
100 ## - MAIN ENTRY--AUTHOR NAME
Personal name Bajendra
100 ## - MAIN ENTRY--AUTHOR NAME
Personal name Verma,Kailash Chand
245 ## - TITLE STATEMENT
Title Objective Agricultural Science
260 ## - PUBLICATION, DISTRIBUTION, ETC. (IMPRINT)
Place of publication New Delhi
Name of publisher New India Publishing Agency
Year of publication 2012
300 ## - PHYSICAL DESCRIPTION
Number of Pages 878
942 ## - ADDED ENTRY ELEMENTS (KOHA)
Koha item type Books
Holdings
Withdrawn status Lost status Damaged status Collection code Home library Current library Shelving location Date acquired Source of acquisition Cost, normal purchase price Full call number Accession Number Koha item type
        KAUAET KAUAET General Stacks 22/06/2016 Scientific Book Centre Kochi 595.00 630 BAR/OB 23955 Books
        KAUAET KAUAET General Stacks 28/06/2016 Scientific Book Centre, Kochi 595.00 630 BAR/OB 23956 Books
free website counter